000 00723nam a2200277Ia 4500
003 OSt
005 20221006144116.0
006 a|||||r|||| 00| 0
007 ta
008 221006b |||||||| |||| 00| 0 eng d
020 _a8170300266
_c150.00
024 _a10,893
037 _cTextual
040 _aEASL
_cEASL
_beng
041 _2eng
_aeng
082 _aQ4v2-498, 111M6
100 _aBU-STON
245 0 _aHistory of Buddhism in India and Tibet
260 _aDelhi
_bSri Satguru Pub
_c1986
300 _a231p.
_ccm.
490 _v Gen
650 _aGen
700 _a OBERMILLER E Tr.
942 _hQ4v2-498, 111M6
_cTEXL
_2CC
999 _c1078979
_d1078979